|
|
|
|
| LEADER |
00848nam a22002652a 4500 |
| 001 |
000941298 |
| 003 |
CZ BrMZK |
| 005 |
20090609104011.0 |
| 007 |
ta |
| 008 |
090526s1972 xo er|||||||||||slo d |
| 040 |
|
|
|a BOA001
|b cze
|
| 041 |
1 |
|
|a slo
|h eng
|
| 100 |
1 |
|
|a Hailey, Arthur,
|d 1920-2004
|7 jn19990003074
|4 aut
|
| 245 |
1 |
0 |
|a Letisko /
|c Arthur Hailey ; z anglíckeho originála ... preložil a doslov napísal Dušan Slobodník
|
| 250 |
|
|
|a 2. vyd.
|
| 260 |
|
|
|a Bratislava :
|b Tatran,
|c 1972
|
| 300 |
|
|
|a 476 s.
|
| 490 |
1 |
|
|a Luk ;
|v zv. 27
|
| 765 |
0 |
|
|t Airport
|9 Slovensky
|
| 700 |
1 |
|
|a Slobodník, Dušan,
|d 1927-2001
|7 jn20000703295
|4 trl
|4 waw
|
| 830 |
|
0 |
|a LUK (Tatran)
|
| 910 |
|
|
|a BOA001
|b 1-0652.449-72
|
| 990 |
|
|
|a BK
|
| 991 |
|
|
|b 200905
|
| 996 |
7 |
|
|b 2619494469
|c 1-0652.449-72
|l MZK
|r Sklad / do 1 hodiny
|n 1
|w 000941298
|u 000010
|a 1
|e BOA001
|j MZK50
|s A
|